1351 1290 1681 1517 1178 1014 1046 1688 1685 1038 1235 1888 1146 1077 1346 1322 1119 1355 1237 1223 1127 1883 1914 1340 1961 1223 1505 1302 1540 1041 1622 1583 1978 1542 1811 1630 1002 1111 1084 1515 1830 1239 1851 1985 1921 1275 1391 1283 1798 1583 1590 1546 1727 1509 1108 1855 1763 1272 1635 1003 1283 1097 1137 1042 1204 1544 1839 1387 1747 1375 1921 1794 1323 1296 1323 1514 1578 1281 1991 1652 1950 1990 1285 1353 1273 1888 1959 1877 1748 1240 1473 1678 1365 1767 1284 1552 1614 1023 1918 BCNSPRNW ULIB Ver.6.0+V

เปลี่ยนเป็นภาษาไทย

Change to English
 แสดงรายละเอียดบรรณานุกรม
  กลับหน้าหลัก

Brief Record : Get Marc (ISO 2709) : E-mail record : QR code < ปิดหน้าต่าง
LEADER : 00000nam 2200000uu 4500
001    13399114501
003     ULIB
008    120410s||||||||th 000 0 tha d
020    6167007106
100 0  เฟื่องฝน
245 00 บันทึกเฮฮา คุณหนูพยาบาลจอมจุ้น
945    ^p165^l0^i026862
999 ^a ใช้งานได้ทุกระบบ
รายการนี้ยังไม่มีแท็ก
คุณยังไม่ได้ล็อกอิน คุณสามารถมีกิจกรรมร่วมกับเว็บไซต์ได้ แต่ต้องล็อกอินก่อน ::
  ล็อกอิน

รายการสื่อสารสนเทศ

ลำดับที่ ประเภท เลขเรียก/บาร์โค้ด สถานที่ สถานะ
- ไม่พบข้อมูล -

รายการใกล้เคียง
    ผู้แต่ง [เฟื่องฝน]

BibComment


ยังไม่เคยถูกคอมเมนท์

คอมเมนท์ทรัพยากรรายการนี้
  คอมเมนท์: บันทึกเฮฮา คุณหนู..


 Copyright 2026. Bcnsprnw @Library